El mágico prodigioso
Uloženo v:
| Hlavní autor: | |
|---|---|
| Médium: | Kniha |
| Jazyk: | španělština |
| Vydáno: |
Zaragoza
Ebro
1971
|
| Vydání: | 3a. ed |
| Edice: | Biblioteca Clásica Ebro. Clásicos Españoles, 87
|
| Témata: | |
| Tagy: |
Přidat tag
Žádné tagy, Buďte první, kdo vytvoří štítek k tomuto záznamu!
|
MARC
| LEADER | 00000nam a2200000 a 4500 | ||
|---|---|---|---|
| 001 | UCQ2047 | ||
| 003 | CL-VaPUC | ||
| 008 | 980721e19710000SP |||||||||||||||||spa|d | ||
| 082 | 0 | 4 | |a 862 |b CAL |2 21 |
| 100 | 0 | |a Calderón de la Barca, Pedro |e author |9 316207 | |
| 245 | 1 | 3 | |a El mágico prodigioso |
| 250 | |a 3a. ed | ||
| 300 | |a 121 p | ||
| 942 | |c BK | ||
| 945 | |d 19980721 00:00:00 |a lriquelm | ||
| 260 | |a Zaragoza |b Ebro |c 1971 | ||
| 650 | 0 | |a Dramas españoles |9 267081 | |
| 650 | 7 | |a COMEDIAS ESPAÑOLAS |2 CL-VaPUC |9 415909 | |
| 650 | 0 | |a Teatro español |9 265077 | |
| 650 | 0 | |a Literatura española |9 306261 | |
| 583 | |a last modification |c 19980721 00:00:00 |k Rodrigo Vera | ||
| 490 | 0 | |a Biblioteca Clásica Ebro. Clásicos Españoles, 87 | |
| 999 | |c 272889 |d 272887 | ||
| 952 | |0 0 |1 0 |4 0 |6 862_000000000000000_CAL_1971 |7 0 |8 A |9 308098 |a BIBEDU |b BIBEDU |d 2019-11-20 |i 144042K |o 862 CAL 1971 |p 144042K |r 2019-11-20 |w 2019-11-20 |y BK |k LIT | ||